000
00306nam a2200121Ia 4500
005
20251222143240.0
008
251222s9999||||xx |||||||||||||| ||spa||
020
_a
956-201-382-0
082
_a
372.4/J69
100
_a
Jolibert, Josette
245
0
_a
Interrogar y Producir Textos Auténticos:
942
_c
LIB
999
_c
14544
_d
14544